000 00646cam a2200205 4500
001 280
005 20181127161106.0
008 050621s2005 enk b 001 0 eng d
010 _a 2005298331
020 _a0719064228
020 _a0719064236 (pbk.)
100 1 _aHopkins, Lisa,
_d1962-
245 1 0 _aBeginning Shakespeare /
_cLisa Hopkins.
260 _aNew Delhi:
_bViva Books,
_c2010.
300 _aviii, 212 p. ;
_c21 cm.
490 1 _aBeginnings
504 _aIncludes bibliographical references and index.
600 1 0 _aShakespeare, William,
_d1564-1616
_xCriticism and interpretation
_xHistory.
830 0 _aBeginnings (Manchester, England)
999 _c248
_d248